[Event "Hastings Challengers 1993/94"]
[Site "Hastings"]
[Date "1994.01.02"]
[Round "5"]
[White "Jakubovics, Nicholas S"]
[Black "Kumaran, Dharshan"]
[Result "1-0"]
[WhiteElo "2250"]
[BlackElo "2425"]
[PlyCount "47"]
[EventDate "1993.12.29"]
[EventType "swiss"]
[EventRounds "9"]
[EventCountry "ENG"]
[SourceTitle "BritBase"]
[Source "John Saunders"]
[SourceDate "2025.11.18"]
[SourceVersion "1"]
[SourceVersionDate "2025.11.18"]
[SourceQuality "1"]

1. e4 c5 2. Nf3 e6 3. d3 Nc6 4. g3 g6 5. Bg2 Bg7 6. O-O Nge7 7. c3 d5 8. Nbd2 b6 9. Re1 Bb7 10. e5 g5 11. Nxg5 Nxe5 12. Ndf3 N7g6 13. Nxe5 Nxe5 14. Rxe5 Bxe5 15. Nxf7 Kxf7 16. Qh5+ Ke7 17. Qxe5 Kd7 18. Bf4 Re8 19. Bh3 Kc6 20. Bxe6 Kb5 21. c4+ dxc4 22. Bxc4+ Kc6 23. Qh5 Rf8 24. Qf3+ 1-0

[Event "Hastings Challengers 1993/94"]
[Site "Hastings"]
[Date "1994.01.02"]
[Round "5"]
[White "James, Geoffrey H"]
[Black "Basman, Michael John"]
[Result "0-1"]
[WhiteElo "2220"]
[BlackElo "2350"]
[PlyCount "112"]
[EventDate "1993.12.29"]
[EventType "swiss"]
[EventRounds "9"]
[EventCountry "ENG"]
[SourceTitle "BritBase"]
[Source "John Saunders"]
[SourceDate "2025.11.18"]
[SourceVersion "1"]
[SourceVersionDate "2025.11.18"]
[SourceQuality "1"]

1. c4 g5 2. d4 h6 3. Nc3 Bg7 4. e3 c5 5. Nge2 d6 6. b3 Nc6 7. d5 Ne5 8. Qc2 h5 9. Bb2 Nh6 10. Ng3 Nhg4 11. h3 Nf6 12. O-O-O h4 13. Nf5 Bxf5 14. Qxf5 Qd7 15. Bd3 Nxd3+ 16. Qxd3 O-O-O 17. e4 Nh5 18. g4 Nf4 19. Qf3 Rh6 20. Kb1 Qe8 21. Bc1 Be5 22. Bxf4 Bxf4 23. Ne2 Rf6 24. Rhf1 Kb8 25. Qc3 Be5 26. Qe3 Qg8 27. f4 gxf4 28. Nxf4 Bd4 29. Qe2 e6 30. Qd3 Qg5 31. Ne2 Rxf1 32. Rxf1 Bh8 33. Kc2 Qg7 34. Qc3 Qg6 35. Qd3 Re8 36. Nc3 Be5 37. Rf3 Re7 38. dxe6 fxe6 39. Rf8+ Re8 40. Rxe8+ Qxe8 41. Qf3 a6 42. Qf2 Qe7 43. Qf3 Ka7 44. Qf2 Bd4 45. Qf4 Qg7 46. Nd1 Be5 47. Qf3 Bg3 48. Nc3 Qe5 49. Ne2 Be1 50. Kb1 Bd2 51. Kc2 Bh6 52. Nc3 Qh2+ 53. Ne2 Bg5 54. Kb1 Qe5 55. Nc3 Qd4 56. Na4 Qg1+ {Sources: bulletin; Brian Denman Collection} 0-1

[Event "Hastings Challengers 1993/94"]
[Site "Hastings"]
[Date "1994.01.02"]
[Round "5"]
[White "McKenna, Jason P"]
[Black "Parr, David"]
[Result "1-0"]
[WhiteElo "2160"]
[BlackElo "2335"]
[PlyCount "51"]
[EventDate "1993.12.29"]
[EventType "swiss"]
[EventRounds "9"]
[EventCountry "ENG"]
[SourceTitle "BritBase"]
[Source "John Saunders"]
[SourceDate "2025.11.18"]
[SourceVersion "1"]
[SourceVersionDate "2025.11.18"]
[SourceQuality "1"]

1. e4 c5 2. Nf3 e6 3. d4 cxd4 4. Nxd4 a6 5. Bd3 Nf6 6. Nc3 d6 7. O-O g6 8. Kh1 Bg7 9. f4 O-O 10. f5 exf5 11. exf5 b5 12. Qf3 Qb6 13. Be3 Bb7 14. Qh3 Qc7 15. Bg5 Nbd7 16. fxg6 hxg6 17. Rf4 Qc5 18. Nf5 gxf5 19. Rxf5 Qc6 20. Rg1 Rfe8 21. Bh6 Kf8 22. Nd5 Nxd5 23. Bxg7+ Kxg7 24. Rxf7+ Kxf7 25. Qh7+ Kf8 26. Bg6 1-0

[Event "Hastings Challengers 1993/94"]
[Site "Hastings"]
[Date "1994.01.02"]
[Round "5"]
[White "McNab, Colin Anderson"]
[Black "Lalic, Bogdan"]
[Result "1/2-1/2"]
[WhiteElo "2490"]
[BlackElo "2520"]
[PlyCount "30"]
[EventDate "1993.12.29"]
[EventType "swiss"]
[EventRounds "9"]
[EventCountry "ENG"]
[SourceTitle "BritBase"]
[Source "John Saunders"]
[SourceDate "2025.11.18"]
[SourceVersion "1"]
[SourceVersionDate "2025.11.18"]
[SourceQuality "1"]

1. c4 b6 2. b3 Bb7 3. Bb2 e6 4. Nf3 Nf6 5. e3 d5 6. Be2 Bd6 7. Nc3 O-O 8. Rc1 c6 9. d4 Nbd7 10. Qc2 dxc4 11. bxc4 e5 12. O-O exd4 13. exd4 Qc7 14. g3 Rfe8 15. Rfe1 a6 1/2-1/2

[Event "Hastings Challengers 1993/94"]
[Site "Hastings"]
[Date "1994.01.02"]
[Round "5"]
[White "Summerscale, Aaron P"]
[Black "Thompson, Ian D"]
[Result "0-1"]
[WhiteElo "2295"]
[BlackElo "2184"]
[PlyCount "104"]
[EventDate "1993.12.29"]
[EventType "swiss"]
[EventRounds "9"]
[EventCountry "ENG"]
[SourceTitle "BritBase"]
[Source "John Saunders"]
[SourceDate "2025.11.18"]
[SourceVersion "1"]
[SourceVersionDate "2025.11.18"]
[SourceQuality "1"]

1. d4 e6 2. Nf3 Nf6 3. e3 d5 4. Bd3 c5 5. b3 Nc6 6. O-O Bd6 7. Bb2 O-O 8. Nbd2 Qe7 9. Ne5 cxd4 10. exd4 Ba3 11. Bxa3 Qxa3 12. c3 Qd6 13. f4 Bd7 14. Qf3 Ne7 15. Qh3 Ng6 16. Rf3 Bc6 17. Re1 Rfe8 18. g4 Rac8 19. g5 Ne4 20. Nxe4 dxe4 21. Bxe4 Bxe4 22. Rxe4 Qa3 23. Nxg6 hxg6 24. Re2 Red8 25. Qf1 a5 26. Rd2 a4 27. Qb1 axb3 28. axb3 Qa5 29. Qd3 b5 30. Rh3 Qa3 31. Qb1 Qd6 32. Qe4 Qa3 33. Qb1 Qd6 34. Rf3 Qd5 35. Re3 Rc7 36. Rdd3 Qf5 37. Qf1 Qd5 38. Qd1 Ra7 39. Re5 Qa8 40. Qe2 Ra1+ 41. Rd1 Ra2 42. Rd2 Ra1+ 43. Kf2 Qh1 44. Kg3 Rc8 45. Re3 Rc1 46. Rdd3 Rg1+ 47. Kh3 Qd5 48. Qf3 Qf5+ 49. Kh4 Kh7 50. Rd2 Rh8 51. Rg2 Kg8+ 52. Kg3 Rh3+ {Source: Ian Thompson} 0-1

[Event "Hastings Challengers 1993/94"]
[Site "Hastings"]
[Date "1994.01.02"]
[Round "5"]
[White "Wells, Peter K"]
[Black "Duncan, Christopher R"]
[Result "0-1"]
[WhiteElo "2455"]
[BlackElo "2280"]
[PlyCount "84"]
[EventDate "1993.12.29"]
[EventType "swiss"]
[EventRounds "9"]
[EventCountry "ENG"]
[SourceTitle "BritBase"]
[Source "John Saunders"]
[SourceDate "2025.11.18"]
[SourceVersion "1"]
[SourceVersionDate "2025.11.18"]
[SourceQuality "1"]

1. e4 c5 2. Nf3 d6 3. d4 cxd4 4. Nxd4 Nf6 5. Nc3 g6 6. Be3 Bg7 7. f3 O-O 8. Qd2 Nc6 9. Bc4 Bd7 10. O-O-O Rc8 11. Bb3 Ne5 12. h4 Nc4 13. Bxc4 Rxc4 14. h5 Nxh5 15. g4 Nf6 16. Bh6 Nxe4 17. Qe3 Rxc3 18. bxc3 Nf6 19. Bxg7 Kxg7 20. Rh4 Rg8 21. Ne2 Bc6 22. Nf4 e5 23. g5 Ne8 24. Nd3 f6 25. f4 fxg5 26. fxg5 Qe7 27. Rxh7+ Kxh7 28. Qh3+ Kg7 29. Qh6+ Kf7 30. Rf1+ Ke6 31. Qh3+ Kd5 32. Nb4+ Kc5 33. Qe3+ Kb5 34. Kb2 a6 35. a4+ Ka5 36. Ka3 Qc7 37. Rb1 Qb6 38. Qd2 Qc5 39. Ka2 Qc4+ 40. Ka3 Kb6 41. Qf2+ Qc5 42. Qf7 Rg7 0-1

[Event "Hastings Challengers 1993/94"]
[Site "Hastings"]
[Date "1994.01.02"]
[Round "5"]
[White "Yakovich, Yuri"]
[Black "Bronstein, David I"]
[Result "1-0"]
[WhiteElo "2525"]
[BlackElo "2395"]
[Annotator "Yakovich"]
[PlyCount "43"]
[EventDate "1993.12.29"]
[EventType "swiss"]
[EventRounds "9"]
[EventCountry "ENG"]
[SourceTitle "BritBase"]
[Source "John Saunders"]
[SourceDate "2025.11.18"]
[SourceVersion "1"]
[SourceVersionDate "2025.11.18"]
[SourceQuality "1"]

1. d4 d5 2. c4 dxc4 3. e3 Nf6 4. Bxc4 e6 5. Nf3 c5 6. Qe2 cxd4 7. exd4 Nc6 8. Nc3 $1 Be7 (8... Nxd4 9. Nxd4 Qxd4 10. O-O $40) 9. O-O O-O 10. Rd1 $1 Nd5 (10... b6 11. d5) 11. Bb3 $1 $146 (11. Bxd5 $2 exd5 12. Qb5 Nb4 13. a3 a6 14. Qa4 Nc6 15. Qb3 Be6 16. Qxb7 $4 Na5 $19) 11... a6 (11... b6 12. Nxd5 exd5 $16 {xc6}) 12. Bd2 Qd6 13. Rac1 Rd8 14. Ne4 Qb8 15. Nfg5 $1 (15. Bg5 Bxg5 16. Nfxg5 h6 $14) 15... h6 (15... g6 16. Qf3 f5 17. Qh3 $16) 16. Nf3 $1 $16 {xh6} Bd7 17. Nc5 Be8 18. Qe4 Nf6 19. Qh4 b6 $2 (19... Nd5 20. Qh3 Bf8 $16) 20. Nxe6 fxe6 21. Bxe6+ Kf8 (21... Kh7 22. Rxc6 Bxc6 23. Ng5+ Kh8 24. Nf7+ Kh7 25. Bxh6 $18) (21... Kh8 22. Bxh6 Nh5 (22... gxh6 23. Qxh6+ Nh7 24. Bf5 $18) 23. Bxg7+ $5 (23. Bg5 $5 $18) 23... Kxg7 24. Qg4+ Kh6 25. d5 $18) 22. Qxh6 $1 (22. Qxh6 $1 Ng8 23. Qh8 $18) 1-0

[Event "Hastings Challengers 1993/94"]
[Site "Hastings"]
[Date "1994.01.03"]
[Round "6"]
[White "Bronstein, David I"]
[Black "Bates, Richard A"]
[Result "1/2-1/2"]
[WhiteElo "2395"]
[BlackElo "2285"]
[PlyCount "80"]
[EventDate "1993.12.29"]
[EventType "swiss"]
[EventRounds "9"]
[EventCountry "ENG"]
[SourceTitle "BritBase"]
[Source "John Saunders"]
[SourceDate "2025.11.18"]
[SourceVersion "1"]
[SourceVersionDate "2025.11.18"]
[SourceQuality "1"]

1. e4 c5 2. Ne2 d6 3. g3 Nc6 4. Bg2 g6 5. c3 h5 6. h3 h4 7. g4 e5 8. d4 f5 9. dxe5 dxe5 10. Qxd8+ Kxd8 11. exf5 gxf5 12. g5 Nge7 13. Na3 Be6 14. Be3 Ng6 15. O-O-O+ Kc8 16. Nb5 a6 17. Nd6+ Kc7 18. Bxc5 Rd8 19. Nxb7 Rxd1+ 20. Rxd1 Kxb7 21. Bxf8 Nxf8 22. Rd6 Bd7 23. Bd5 Kc7 24. Rf6 Ne7 25. Bf7 Rh7 26. f4 Rg7 27. fxe5 Nh7 28. Bb3 Nxg5 29. Nf4 Bc6 30. c4 Rf7 31. c5 Rh7 32. e6 Rh8 33. Bc2 Be4 34. b4 Rd8 35. Bb3 Rd4 36. Rf7 Kd8 37. Rf8+ Kc7 38. Rf7 Kd8 39. Rf8+ Kc7 40. Rf7 Kd8 1/2-1/2

[Event "Hastings Challengers 1993/94"]
[Site "Hastings"]
[Date "1994.01.03"]
[Round "6"]
[White "Flear, Glenn C"]
[Black "Rossiter, Philip J"]
[Result "1-0"]
[WhiteElo "2500"]
[BlackElo "2330"]
[PlyCount "141"]
[EventDate "1993.12.29"]
[EventType "swiss"]
[EventRounds "9"]
[EventCountry "ENG"]
[SourceTitle "BritBase"]
[Source "John Saunders"]
[SourceDate "2025.11.18"]
[SourceVersion "1"]
[SourceVersionDate "2025.11.18"]
[SourceQuality "1"]

1. d4 d5 2. c4 e6 3. Nc3 c5 4. cxd5 exd5 5. Nf3 Nc6 6. g3 Nf6 7. Bg2 Be7 8. O-O O-O 9. Bg5 cxd4 10. Nxd4 h6 11. Be3 Re8 12. Rc1 Bf8 13. Qa4 Na5 14. Rcd1 Bd7 15. Qc2 Rc8 16. Qb1 Bg4 17. h3 Bh5 18. g4 Bg6 19. Nf5 Nc4 20. Nxd5 Nxe3 21. Ndxe3 Qb6 22. b3 Bc5 23. Nc4 Qc7 24. e3 h5 25. Qb2 hxg4 26. Nfd6 Be4 27. hxg4 Bxg2 28. Kxg2 b5 29. Nxe8 Rxe8 30. Nd2 Qc6+ 31. Nf3 Qe4 32. Rd4 Bxd4 33. Qxd4 Nxg4 34. Qxe4 Rxe4 35. Rc1 Re7 36. Rc8+ Kh7 37. Rb8 Rc7 38. Nd4 Nf6 39. Rxb5 Ne4 40. Ra5 Kg6 41. Ra6+ Kg5 42. Kf3 Nc3 43. a4 Rb7 44. Rc6 Na2 45. Nb5 Nb4 46. Rc7 Rxc7 47. Nxc7 Kf5 48. Ke2 g5 49. Nb5 a6 50. Nd4+ Ke4 51. f3+ Kd5 52. Kd2 a5 53. Nf5 Nc6 54. Kc3 Ne5 55. b4 axb4+ 56. Kxb4 Nxf3 57. Kb5 Ne1 58. a5 Nc2 59. a6 Na3+ 60. Kb4 Nc2+ 61. Kb3 Nxe3 62. a7 Nxf5 63. a8=Q+ Ke5 64. Qe8+ Kf6 65. Qd8+ Kg6 66. Qg8+ Ng7 67. Kc3 Kf6 68. Kd3 Nf5 69. Qd8+ Kg6 70. Ke4 Nh6 71. Qc8 1-0

[Event "Hastings Challengers 1993/94"]
[Site "Hastings"]
[Date "1994.01.03"]
[Round "6"]
[White "Gallagher, Joseph G"]
[Black "Bryson, Douglas Marshall"]
[Result "1/2-1/2"]
[WhiteElo "2515"]
[BlackElo "2320"]
[PlyCount "65"]
[EventDate "1993.12.29"]
[EventType "swiss"]
[EventRounds "9"]
[EventCountry "ENG"]
[SourceTitle "BritBase"]
[Source "John Saunders"]
[SourceDate "2025.11.18"]
[SourceVersion "1"]
[SourceVersionDate "2025.11.18"]
[SourceQuality "1"]

1. e4 e5 2. f4 exf4 3. Nf3 g5 4. h4 g4 5. Ne5 d6 6. Nxg4 Nf6 7. Nxf6+ Qxf6 8. Nc3 Be6 9. Qf3 Bh6 10. Nb5 Na6 11. d4 O-O 12. g4 Qe7 13. Bxf4 Bxf4 14. Qxf4 f5 15. gxf5 Bxf5 16. Nc3 Rae8 17. O-O-O Bxe4 18. Rg1+ Kh8 19. Qxe4 Qxe4 20. Nxe4 Rxe4 21. Bg2 Re2 22. Rde1 Ref2 23. Bxb7 Nb4 24. Rg2 c6 25. Rxf2 Rxf2 26. Re8+ Kg7 27. a3 Nxc2 28. Bxc6 Nxd4 29. Bd5 Ne2+ 30. Kb1 Nf4 31. Bc6 Kf6 32. Ra8 Nd3 33. Be4 1/2-1/2

[Event "Hastings Challengers 1993/94"]
[Site "Hastings"]
[Date "1994.01.03"]
[Round "6"]
[White "Hunt, Harriet V"]
[Black "Summerscale, Aaron P"]
[Result "1-0"]
[WhiteElo "2135"]
[BlackElo "2440"]
[PlyCount "67"]
[EventDate "1993.12.29"]
[EventType "swiss"]
[EventRounds "9"]
[EventCountry "ENG"]
[SourceTitle "BritBase"]
[Source "John Saunders"]
[SourceDate "2025.11.18"]
[SourceVersion "1"]
[SourceVersionDate "2025.11.18"]
[SourceQuality "1"]

1. e4 e5 2. Nf3 d6 3. d4 Nf6 4. Nc3 Nbd7 5. Bc4 Be7 6. O-O O-O 7. Re1 c6 8. a4 b6 9. d5 Bb7 10. dxc6 Bxc6 11. Bg5 Rc8 12. Bb3 h6 13. Bxf6 Nxf6 14. Qe2 Qc7 15. Rad1 Rfd8 16. h3 Bf8 17. Nh2 Nd7 18. Qh5 Nc5 19. Nd5 Bxd5 20. Bxd5 Nxa4 21. Ng4 Rd7 22. Rd3 Kh8 23. Rg3 g6 24. Qh4 Qd8 25. Qxd8 Rdxd8 26. Ra1 Nxb2 27. Rxa7 Rxc2 28. Rxf7 Bg7 29. Ne3 Rc1+ 30. Kh2 g5 31. Nf5 Rg8 32. h4 Nd1 33. hxg5 Nxf2 34. Rf3 {Source: primary source not known - it wasn't in the bulletin but appears on Mega Database 2022} 1-0

[Event "Hastings Challengers 1993/94"]
[Site "Hastings"]
[Date "1994.01.03"]
[Round "6"]
[White "Lalic, Bogdan"]
[Black "Basman, Michael John"]
[Result "1-0"]
[WhiteElo "2520"]
[BlackElo "2350"]
[PlyCount "69"]
[EventDate "1993.12.29"]
[EventType "swiss"]
[EventRounds "9"]
[EventCountry "ENG"]
[SourceTitle "BritBase"]
[Source "John Saunders"]
[SourceDate "2025.11.18"]
[SourceVersion "1"]
[SourceVersionDate "2025.11.18"]
[SourceQuality "1"]

1. g3 h5 2. Nf3 Nf6 3. Bg2 Nc6 4. d4 d6 5. c4 Bf5 6. Qb3 Qc8 7. Nc3 h4 8. gxh4 e5 9. d5 Ne7 10. c5 dxc5 11. Nxe5 Ng6 12. Nxg6 Bxg6 13. Bg5 Bd6 14. Nb5 Qg4 15. Bf3 Qf5 16. Qe3+ Kd7 17. Nxd6 cxd6 18. O-O Rae8 19. Qa3 Ne4 20. Qxa7 Kc7 21. Qa5+ Kb8 22. Qb6 f6 23. Bxe4 Rxe4 24. Qxd6+ Ka8 25. f3 Rxe2 26. Bf4 Qh3 27. Rf2 Rxf2 28. Kxf2 Bh5 29. Bg3 Qf5 30. Qxc5 Qxf3+ 31. Kg1 Qd3 32. d6 Bg4 33. Re1 Qa6 34. Qd4 Bd7 35. Re3 {PLEASE NOTE - this game was played in the 1993/94 Hastings Challengers, not the 1994/95 Hastings Challengers as wrongly given by ChessBase. JS} 1-0

[Event "Hastings Challengers 1993/94"]
[Site "Hastings"]
[Date "1994.01.03"]
[Round "6"]
[White "McNab, Colin Anderson"]
[Black "Yakovich, Yuri"]
[Result "1/2-1/2"]
[WhiteElo "2490"]
[BlackElo "2525"]
[PlyCount "42"]
[EventDate "1993.12.29"]
[EventType "swiss"]
[EventRounds "9"]
[EventCountry "ENG"]
[SourceTitle "BritBase"]
[Source "John Saunders"]
[SourceDate "2025.11.18"]
[SourceVersion "1"]
[SourceVersionDate "2025.11.18"]
[SourceQuality "1"]

1. Nf3 d5 2. g3 c6 3. Bg2 Bg4 4. d3 Nd7 5. h3 Bh5 6. O-O Ngf6 7. Qe1 e5 8. e4 dxe4 9. dxe4 Bc5 10. b4 Bd6 11. Na3 Qe7 12. c3 Bxf3 13. Bxf3 b5 14. Nc2 a5 15. a3 O-O 16. Ne3 g6 17. Bd2 Nb6 18. Qe2 Rfd8 19. Kg2 Rd7 20. bxa5 Rxa5 21. c4 Rxa3 1/2-1/2

[Event "Hastings Challengers 1993/94"]
[Site "Hastings"]
[Date "1994.01.03"]
[Round "6"]
[White "Muir, Andrew Joseph"]
[Black "Holland, Christopher KD"]
[Result "0-1"]
[WhiteElo "2360"]
[BlackElo "2230"]
[PlyCount "72"]
[EventDate "1993.12.29"]
[EventType "swiss"]
[EventRounds "9"]
[EventCountry "ENG"]
[SourceTitle "BritBase"]
[Source "John Saunders"]
[SourceDate "2025.11.18"]
[SourceVersion "1"]
[SourceVersionDate "2025.11.18"]
[SourceQuality "1"]

1. d4 Nf6 2. c4 g6 3. Nc3 Bg7 4. e4 O-O 5. Be3 d6 6. f3 c6 7. Bd3 a6 8. a4 a5 9. Qd2 Na6 10. Rd1 e5 11. Nge2 Nd7 12. O-O f5 13. exf5 gxf5 14. Bc2 Qe7 15. Kh1 Nf6 16. Bg5 Qf7 17. b3 Re8 18. Bh6 Nb4 19. Bb1 d5 20. Bxg7 Qxg7 21. dxe5 Rxe5 22. Qd4 Qe7 23. f4 Re3 24. cxd5 Nfxd5 25. Nxd5 Nxd5 26. Rf3 Kf7 27. Rxe3 Nxe3 28. Rd3 Ng4 29. Rd2 Nxh2 30. Ng1 Ng4 31. Nf3 Be6 32. Ng5+ Kg8 33. b4 axb4 34. g3 Bd5+ 35. Be4 Bxe4+ 36. Nxe4 Qxe4+ 0-1

[Event "Hastings Challengers 1993/94"]
[Site "Hastings"]
[Date "1994.01.03"]
[Round "6"]
[White "Parker, Jonathan F"]
[Black "Sher, Miron Naumovich"]
[Result "0-1"]
[WhiteElo "2370"]
[BlackElo "2535"]
[PlyCount "96"]
[EventDate "1993.12.29"]
[EventType "swiss"]
[EventRounds "9"]
[EventCountry "ENG"]
[SourceTitle "BritBase"]
[Source "John Saunders"]
[SourceDate "2025.11.18"]
[SourceVersion "1"]
[SourceVersionDate "2025.11.18"]
[SourceQuality "1"]

1. d4 e6 2. c4 Bb4+ 3. Bd2 a5 4. Nf3 d6 5. g3 Nc6 6. Nc3 e5 7. d5 Nb8 8. Bg2 Ne7 9. O-O O-O 10. Ne1 c6 11. Nd3 Bxc3 12. Bxc3 cxd5 13. cxd5 b6 14. b4 Ba6 15. a3 Nd7 16. Qd2 f5 17. Rfd1 Kh8 18. Rab1 Bc4 19. bxa5 bxa5 20. Nf4 exf4 21. Qd4 Rf7 22. Qxc4 fxg3 23. hxg3 Rc8 24. Qd3 Nc5 25. Qd4 Ng6 26. e3 Ne5 27. Be1 h6 28. Rdc1 Kh7 29. Rc3 Qd7 30. Qd1 a4 31. Rbc1 Rb8 32. Rxc5 dxc5 33. Rxc5 Rb3 34. Rc3 Qb5 35. Bf1 Qb7 36. Rxb3 axb3 37. Bc3 b2 38. Qb1 Qxd5 39. Qxb2 Rb7 40. Bb4 Nf3+ 41. Kh1 Ne1+ 42. Kg1 Nf3+ 43. Kh1 Rd7 44. Qc3 Ng5+ 45. Kg1 Qf3 46. Bf8 Ne6 47. Bb4 Rd1 48. Qe5 Ng5 0-1

[Event "Hastings Challengers 1993/94"]
[Site "Hastings"]
[Date "1994.01.03"]
[Round "6"]
[White "Paschall, William M"]
[Black "James, Geoffrey H"]
[Result "1-0"]
[WhiteElo "2215"]
[BlackElo "2220"]
[PlyCount "71"]
[EventDate "1993.12.29"]
[EventType "swiss"]
[EventRounds "9"]
[EventCountry "ENG"]
[SourceTitle "Denman Collection"]
[Source "Brian Denman"]
[SourceDate "2023.11.29"]
[SourceVersion "1"]
[SourceVersionDate "2023.11.29"]
[SourceQuality "1"]

1. d4 Nf6 2. c4 e6 3. Nf3 Bb4+ 4. Bd2 Qe7 5. g3 O-O 6. Bg2 Bxd2+ 7. Nbxd2 d6 8. O-O e5 9. e4 c5 10. d5 Bg4 11. h3 Bxf3 12. Qxf3 Na6 (12... a6 13. a4 b6 $11) 13. Qd3 Rab8 14. a3 Nd7 15. h4 Nc7 16. Rfb1 b5 17. b4 $1 Rfc8 18. Bh3 $1 bxc4 19. Nxc4 Nb5 20. Na5 Nd4 21. Nc6 Nxc6 22. dxc6 Rxc6 23. bxc5 Rd8 $2 (23... Rxc5 24. Bxd7 Rxb1+ 25. Rxb1 Qxd7 26. Qa6 g6 $1) 24. Qb5 Rxc5 25. Qb7 Qe8 26. Qxa7 Nf6 27. Rb7 Ra8 28. Qb6 Nxe4 29. Rb1 g6 30. Bg2 Nc3 31. Qxd6 Nxb1 32. Qxc5 Nxa3 33. Bd5 Qf8 34. Bxf7+ Kh8 35. Qxe5+ Qg7 36. Rb8+ {Source: G H James.} 1-0

[Event "Hastings Challengers 1993/94"]
[Site "Hastings"]
[Date "1994.01.03"]
[Round "6"]
[White "Spangenberg, Hugo"]
[Black "Lalic, Susan Kathryn"]
[Result "1-0"]
[WhiteElo "2535"]
[BlackElo "2335"]
[PlyCount "45"]
[EventDate "1993.12.29"]
[EventType "swiss"]
[EventRounds "9"]
[EventCountry "ENG"]
[SourceTitle "BritBase"]
[Source "John Saunders"]
[SourceDate "2025.11.18"]
[SourceVersion "1"]
[SourceVersionDate "2025.11.18"]
[SourceQuality "1"]

1. e4 e6 2. d4 d5 3. Nd2 dxe4 4. Nxe4 Bd7 5. Nf3 Bc6 6. Bd3 Nd7 7. Qe2 Ngf6 8. Neg5 Bd6 9. Ne5 O-O 10. Bd2 h6 11. h4 Qe7 12. O-O-O Rad8 13. Rh3 Bxe5 14. dxe5 Nd5 15. c3 Nc5 16. Bc2 b5 17. Rg3 hxg5 18. Bxg5 f6 19. Qh5 Nf4 20. Bh7+ Kh8 21. Bxf4 Rxd1+ 22. Kxd1 Rd8+ 23. Bd3+ 1-0

[Event "Hastings Challengers 1993/94"]
[Site "Hastings"]
[Date "1994.01.03"]
[Round "6"]
[White "Thompson, Ian D"]
[Black "Arkell, Keith C"]
[Result "1/2-1/2"]
[WhiteElo "2184"]
[BlackElo "2475"]
[PlyCount "157"]
[EventDate "1993.12.29"]
[EventType "swiss"]
[EventRounds "9"]
[EventCountry "ENG"]
[SourceTitle "BritBase"]
[Source "John Saunders"]
[SourceDate "2025.11.18"]
[SourceVersion "1"]
[SourceVersionDate "2025.11.18"]
[SourceQuality "1"]

1. c4 c5 2. Nc3 Nc6 3. g3 g6 4. Bg2 Bg7 5. e3 Nf6 6. Nge2 O-O 7. O-O d6 8. d3 Bd7 9. h3 Rb8 10. b3 a6 11. a4 Nb4 12. Bb2 Bc6 13. e4 b5 14. axb5 axb5 15. cxb5 Bxb5 16. Nxb5 Rxb5 17. d4 cxd4 18. Nxd4 Rb8 19. Bc3 Qc7 20. Qd2 Qb6 21. Ra4 Na6 22. Ba5 Qb7 23. e5 Ne4 24. Bxe4 Qxe4 25. Ne6 Qxe5 26. Nxf8 Kxf8 27. Re1 Qb2 28. Qe3 Be5 29. Bb6 Rxb6 30. Qxb6 Nc5 31. Rc4 Kg7 32. b4 Nd3 33. Qe3 Nxe1 34. Qxe1 d5 35. Rc5 Bd6 36. Rxd5 Bxb4 37. Qd1 Bd6 38. Kg2 h5 39. h4 Qc3 40. Rd3 Qb2 41. Qf3 Qf6 42. Qd5 Qe5 43. Qb3 Qe4+ 44. Rf3 e6 45. Qd1 Be5 46. Qd8 Qd4 47. Qe7 Bf6 48. Qb7 Qd2 49. Rb3 Bd4 50. Qf3 Qc2 51. Rb7 Qf5 52. Qxf5 exf5 53. Rd7 Bc3 54. Kf3 Kf6 55. Ke3 Ke6 56. Ra7 Be5 57. Ra6+ Kd5 58. Kd3 Bg7 59. f4 Bb2 60. Ra5+ Ke6 61. Kc4 Bg7 62. Ra6+ Ke7 63. Kd5 Bc3 64. Ra3 Bb2 65. Rb3 Ba1 66. Re3+ Kf8 67. Ra3 Bf6 68. Ra8+ Ke7 69. Ra7+ Kf8 70. Kd6 Bd4 71. Ra8+ Kg7 72. Ra2 Bc3 73. Re2 Kf8 74. Kd7 Bd4 75. Rc2 Be3 76. Rc8+ Kg7 77. Rc3 Bf2 78. Ke8 Be1 79. Rd3 {Source: Ian Thompson} 1/2-1/2

[Event "Hastings Challengers 1993/94"]
[Site "Hastings"]
[Date "1994.01.03"]
[Round "6"]
[White "Tkachiev, Vladislav"]
[Black "Jakubovics, Nicholas S"]
[Result "1-0"]
[WhiteElo "2455"]
[BlackElo "2250"]
[PlyCount "71"]
[EventDate "1993.12.29"]
[EventType "swiss"]
[EventRounds "9"]
[EventCountry "ENG"]
[SourceTitle "BritBase"]
[Source "John Saunders"]
[SourceDate "2025.11.18"]
[SourceVersion "1"]
[SourceVersionDate "2025.11.18"]
[SourceQuality "1"]

1. e4 e5 2. Nf3 Nc6 3. Bb5 a6 4. Ba4 Nf6 5. O-O Nxe4 6. d4 b5 7. Bb3 d5 8. dxe5 Be6 9. Nbd2 Nc5 10. c3 d4 11. Bxe6 Nxe6 12. cxd4 Ncxd4 13. a4 Be7 14. Nxd4 Nxd4 15. Ne4 O-O 16. axb5 Nxb5 17. Be3 Qc8 18. Qc2 Qe6 19. f4 f6 20. Nc5 Bxc5 21. Bxc5 Rfe8 22. Rae1 f5 23. Re3 Rad8 24. Rd3 Qc6 25. Rc1 Rd7 26. Qb3+ Kh8 27. Rxd7 Qxd7 28. Rd1 Qc6 29. Qd5 Qxd5 30. Rxd5 Kg8 31. Kf2 Re6 32. Rd8+ Kf7 33. Rf8+ Kg6 34. g4 Rc6 35. gxf5+ Kh5 36. b4 {(n.b. the tournament bulletin wrongly identified Black as Yuri Yakovich)} 1-0

[Event "Hastings Challengers 1993/94"]
[Site "Hastings"]
[Date "1994.01.04"]
[Round "7"]
[White "Ashby, Anthony C"]
[Black "Parr, David"]
[Result "1-0"]
[WhiteElo "2105"]
[BlackElo "2335"]
[PlyCount "31"]
[EventDate "1993.12.29"]
[EventType "swiss"]
[EventRounds "9"]
[EventCountry "ENG"]
[SourceTitle "BritBase"]
[Source "John Saunders"]
[SourceDate "2025.11.18"]
[SourceVersion "1"]
[SourceVersionDate "2025.11.18"]
[SourceQuality "1"]

1. d4 f5 2. Bg5 g6 3. e4 fxe4 4. Nc3 d5 5. f3 Nf6 6. Qd2 Bg7 7. O-O-O O-O 8. h4 Nc6 9. Bh6 a6 10. Bxg7 Kxg7 11. h5 Nxh5 12. fxe4 dxe4 13. Be2 Nf6 14. Qh6+ Kg8 15. Nxe4 Rf7 16. Nxf6+ 1-0